000 01019nam a22002537a 4500
005 20170124102933.0
010 _aB-083220
020 _c215.00
035 _aB-083220
037 _bCen Lib/Ret
040 _aDPL
_bHN
082 _a133.53
_bत्रिवेदी
100 _aत्रिवेदी, मृदुला
_945747
245 _aशनि शमन /
_cमृदुला त्रिवेदी
246 _aShani shaman /
_bby Mridula Trivedi
260 _bमोतीलाल बनारसीदास
_aदिल्ली
_c1994
270 _aबंगलो रोड
_bदिल्ली
_e110007
300 _axxv,284पृ.
_c21सेमी (सजिल्द)
650 _aशनि -- प्राथमिक परिचय
_944437
650 _aहिन्दी -- साहित्य
_945748
650 _aSat - Elementary Introduction
_945749
650 _aHindi literature
_945750
942 _2ddc
_cHN
_h133.53
_mत्रिवेदी
999 _c112072
_d112072